Zámek a klíč. Zlatý věk /

Soubor komiksových povídek z tajemné a magické usedlosti Klíčov.

Hlavní autor: Hill, Joe, 1971-
Další autoři: Rodriguez, Gabriel, Niklíčková, Alexandra, 1978-
Jazyk: Čeština
Vydáno: Praha : Comics Centrum, [2022]
Vydání: První české vydání
Témata:
Fyzický popis: 210 stran, 30 nečíslovaných stran obrazových příloh : barevné ilustrace ; 24 cm
Knihy
Uloženo v:
LEADER 02383nam a2200529 i 4500
001 nkc20223444430
003 CZ PrNK
005 20230125123344.0
007 ta
008 220823t20222022xr af g 6 000 1 cze
015 |a cnb003444430 
020 |a 978-80-7652-090-5  |q (vázáno) 
035 |a (OCoLC)1369541165 
040 |a ABG001  |b cze  |d ABA001  |e rda 
041 1 |a cze  |h eng 
072 7 |a 741.52  |x Komiksy. Komiksové adaptace  |2 Konspekt  |9 21 
080 |a 741.52(0:82-322.9)  |2 MRF 
080 |a 741.52(0:82-322.4)  |2 MRF 
100 1 |a Hill, Joe,  |d 1971-  |7 xx0067929  |4 aut 
240 1 0 |a Golden age.  |l Česky 
245 1 0 |a Zámek a klíč.  |p Zlatý věk /  |c scénář Joe Hill ; kresba Gabriel Rodriguez ; překlad Alexandra Niklíčková 
246 3 0 |a Zlatý věk 
250 |a První české vydání 
264 1 |a Praha :  |b Comics Centrum,  |c [2022] 
264 4 |c ©2022 
300 |a 210 stran, 30 nečíslovaných stran obrazových příloh :  |b barevné ilustrace ;  |c 24 cm 
336 |a text  |b txt  |2 rdacontent 
336 |a statický obraz  |b sti  |2 rdacontent 
337 |a bez média  |b n  |2 rdamedia 
338 |a svazek  |b nc  |2 rdacarrier 
500 |a Přeloženo z angličtiny 
520 2 |a Soubor komiksových povídek z tajemné a magické usedlosti Klíčov.  |b Každý z příběhů představuje úryvek ze života předků rodiny Zámkových z počátku dvacátého století, kteří, stejně jako jejich potomci, sváděli pomocí kouzelných klíčů velké i malé bitvy. Ať už však bojovali na frontě první světové války či v hlubinách samotného pekla, vždy se snažili především ochránit svou rodinu i svět. Nakladatelská anotace. Kráceno. 
521 8 |a Pro čtenáře od 15 let (obsahuje zobrazení násilí a hororových scén) 
655 7 |a fantasy komiksy  |7 fd1057473  |2 czenas 
655 7 |a horory (komiksy)  |7 fd1057476  |2 czenas 
655 9 |a fantasy comics  |2 eczenas 
655 9 |a horror comics  |2 eczenas 
700 1 |a Rodriguez, Gabriel  |7 ola2011642200  |4 ill 
700 1 |a Niklíčková, Alexandra,  |d 1978-  |7 mzk2013751044  |4 trl 
765 1 |t Locke & key  |9 Česky 
787 0 8 |i Z cyklu:  |t Zámek a klíč  |g 0 
910 2 |a BOA001  |b 2-1266.849,7 
920 |a 4664962  |z ABG001 
990 |a BK 
995 |a 01 
991 |b 202301  |c NOV 
996 6 |b 2610927936  |c 2-1266.849,7  |l MZK  |r Sklad / do 1 hodiny  |n 0  |p p.v.  |w 001911338  |u 000010  |a 1  |e BOA001  |j MZK50  |s P